000
00294nam a2200133Ia 4500
008
190216s9999||||xx |||||||||||||| ||und||
100
_a
Hall..H.S
245
0
_a
School Algebra
250
_a
FIRST
260
_b
Magmillan &co Ltd
_c
1978
300
_a
568
650
_a
Mathematics
942
_c
BK
999
_c
30638
_d
30638